[Event "Bled ol (Men)"]
[Site "Bled"]
[Date "2002.10.28"]
[Round "3.2"]
[White "Cubas, Jose Fernando"]
[Black "Gretarsson, Helgi Ass"]
[Result "1-0"]
[WhiteElo "2430"]
[BlackElo "2508"]
[PlyCount "79"]
[EventDate "2002.10.26"]
[EventType "team-swiss"]
[EventRounds "14"]
[EventCountry "SLO"]
[SourceTitle "EXT 2003"]
[Source "ChessBase"]
[SourceDate "2002.11.25"]
[SourceVersion "1"]
[SourceVersionDate "2002.11.25"]
[SourceQuality "1"]
[WhiteTeam "Paraguay"]
[BlackTeam "Island"]
[WhiteTeamCountry "PAR"]
[BlackTeamCountry "ISL"]

1. e4 e5 2. Ne2 Nf6 3. f4 Nxe4 4. d3 Nc5 5. fxe5 d5 6. d4 Ne6 7. Nf4 c6 8. Nc3
Be7 9. Be3 Nxf4 10. Bxf4 Bf5 11. Bd3 Bxd3 12. Qxd3 Nd7 13. O-O Nf8 14. Rf3 Qd7
15. Raf1 Ng6 16. Nd1 O-O 17. Ne3 f6 18. Qf5 Qe8 19. Qe6+ Rf7 20. Bg3 Kh8 21. h4
Nf8 22. Qg4 Bd8 23. h5 h6 24. Bh4 Nh7 25. e6 Rc7 26. Bg3 Ng5 27. Bxc7 Bxc7 28.
Rxf6 gxf6 29. Rxf6 Qg8 30. Rxh6+ Nh7 31. Rg6 Qf8 32. Nf5 Qb4 33. Qe2 Qxb2 34.
g3 Re8 35. Kg2 Qb5 36. Qe3 Qc4 37. Nh6 Qxc2+ 38. Kh3 Qxg6 39. hxg6 Rxe6 40.
Nf7+ 1-0

[Event "Bled ol (Men)"]
[Site "Bled"]
[Date "2002.10.31"]
[Round "6.1"]
[White "Vescovi, Giovanni P"]
[Black "Cubas, Jose Fernando"]
[Result "1/2-1/2"]
[WhiteElo "2614"]
[BlackElo "2430"]
[PlyCount "141"]
[EventDate "2002.10.26"]
[EventType "team-swiss"]
[EventRounds "14"]
[EventCountry "SLO"]
[SourceTitle "EXT 2003"]
[Source "ChessBase"]
[SourceDate "2002.11.25"]
[SourceVersion "1"]
[SourceVersionDate "2002.11.25"]
[SourceQuality "1"]
[WhiteTeam "Brazil"]
[BlackTeam "Paraguay"]
[WhiteTeamCountry "BRA"]
[BlackTeamCountry "PAR"]

1. c4 e5 2. Nc3 f5 3. Nf3 d6 4. d4 e4 5. Ng5 Be7 6. Nh3 Nf6 7. Bg5 O-O 8. e3 c6
9. Nf4 Na6 10. Be2 Nc7 11. h3 Nfd5 12. Bxe7 Nxe7 13. h4 d5 14. Rc1 Be6 15. b3
Bf7 16. Qd2 Qd7 17. Na4 b6 18. Nb2 g6 19. f3 h6 20. Kf2 Kg7 21. Rcg1 g5 22.
hxg5 hxg5 23. Nh3 Ne6 24. Ke1 Bg6 25. fxe4 fxe4 26. Nf2 Bf5 27. Ng4 Bxg4 28.
Bxg4 Qd6 29. Rh3 Rh8 30. Nd1 Nc7 31. Rgh1 Raf8 32. Nf2 Ne8 33. c5 bxc5 34. dxc5
Qe5 35. Qd4 Qxd4 36. exd4 Nf6 37. Rxh8 Rxh8 38. Rxh8 Kxh8 39. Be6 Kg7 40. Ng4
Nh5 41. Bd7 Nf4 42. g3 Nfg6 43. Ne3 Nf8 44. Bg4 Kf6 45. Kd2 Ne6 46. Kc3 Ng7 47.
Bd7 Nh5 48. Ng4+ Kg7 49. Ne5 Nxg3 50. Nxc6 Kf6 51. Nxe7 Kxe7 52. Bg4 Nf1 53. b4
Ne3 54. Be2 g4 55. Kd2 Nc4+ 56. Ke1 g3 57. b5 Kd7 58. Bg4+ Kc7 59. Be6 Ne3 60.
a4 Nc2+ 61. Kf1 Nxd4 62. Bxd5 e3 63. Bc4 Nf3 64. Kg2 Nd2 65. Be2 Nb3 66. Kxg3
Nxc5 67. a5 Nb3 68. b6+ axb6 69. axb6+ Kxb6 70. Kf4 Nd4 71. Ke4 1/2-1/2

[Event "Bled ol (Men)"]
[Site "Bled"]
[Date "2002.11.02"]
[Round "8.2"]
[White "Cubas, Jose Fernando"]
[Black "Mallahi, Amir"]
[Result "1-0"]
[WhiteElo "2430"]
[BlackElo "2406"]
[PlyCount "105"]
[EventDate "2002.10.26"]
[EventType "team-swiss"]
[EventRounds "14"]
[EventCountry "SLO"]
[SourceTitle "EXT 2003"]
[Source "ChessBase"]
[SourceDate "2002.11.25"]
[SourceVersion "1"]
[SourceVersionDate "2002.11.25"]
[SourceQuality "1"]
[WhiteTeam "Paraguay"]
[BlackTeam "Iran"]
[WhiteTeamCountry "PAR"]
[BlackTeamCountry "IRI"]

1. e4 c5 2. f4 Nc6 3. Nf3 g6 4. g3 Bg7 5. Bg2 e6 6. O-O Nge7 7. d3 O-O 8. c3 b6
9. Na3 Qc7 10. Re1 Bb7 11. d4 cxd4 12. cxd4 d6 13. Be3 Rac8 14. Rc1 Qd7 15. Qd2
Nb8 16. Rxc8 Rxc8 17. Bf2 Qa4 18. g4 Bh6 19. Bh4 Nec6 20. Rc1 Qb4 21. Rc3 Na6
22. Qc2 Bg7 23. Rc4 Qa5 24. Be1 Bxd4+ 25. Kh1 Nab4 26. Bxb4 Nxb4 27. Rxc8+ Kg7
28. Qd2 Bc5 29. Qc3+ e5 30. Nxe5 Bd4 31. Qxd4 dxe5 32. Qc3 Bxc8 33. Qxc8 Nc6
34. h3 Qe1+ 35. Kh2 Qc1 36. Qa6 Qxf4+ 37. Kh1 Qc1+ 38. Qf1 Qxb2 39. g5 Kg8 40.
Nc4 Qxa2 41. Qd3 Qa1+ 42. Kh2 Qd4 43. Qxd4 exd4 44. Kg3 b5 45. Nd2 Ne5 46. Bf1
d3 47. Kf4 Nc4 48. Nxc4 bxc4 49. Ke5 f6+ 50. Kxf6 a5 51. e5 a4 52. e6 Kf8 53.
Bg2 1-0

[Event "Bled ol (Men)"]
[Site "Bled"]
[Date "2002.11.04"]
[Round "9.2"]
[White "Rohl Montes, Juan Armando"]
[Black "Cubas, Jose Fernando"]
[Result "1-0"]
[WhiteElo "2379"]
[BlackElo "2430"]
[PlyCount "61"]
[EventDate "2002.10.26"]
[EventType "team-swiss"]
[EventRounds "14"]
[EventCountry "SLO"]
[SourceTitle "EXT 2003"]
[Source "ChessBase"]
[SourceDate "2002.11.25"]
[SourceVersion "1"]
[SourceVersionDate "2002.11.25"]
[SourceQuality "1"]
[WhiteTeam "Venezuela"]
[BlackTeam "Paraguay"]
[WhiteTeamCountry "VEN"]
[BlackTeamCountry "PAR"]

1. e4 e6 2. d4 d5 3. Nc3 Bb4 4. exd5 exd5 5. Bd3 Nc6 6. a3 Be7 7. Nf3 Bg4 8. h3
Bh5 9. Be3 Qd7 10. Qe2 O-O-O 11. O-O-O f5 12. Bb5 Qd6 13. Bxc6 Qxc6 14. g4 Bxa3
15. Qd3 fxg4 16. Ne5 Bxb2+ 17. Kxb2 Qb6+ 18. Qb5 Qe6 19. hxg4 Rd6 20. Kc1 Bxg4
21. Nxg4 Qxg4 22. Rdg1 Qd7 23. Bf4 Rc6 24. Qxd5 Rxc3 25. Qxd7+ Kxd7 26. Rxg7+
Ke6 27. Re1+ Kf5 28. Rf7+ Kg6 29. Rf8 Rf3 30. Rg1+ Kh5 31. Rf5+ 1-0

[Event "Bled ol (Men)"]
[Site "Bled"]
[Date "2002.11.05"]
[Round "10.2"]
[White "Cubas, Jose Fernando"]
[Black "Abdul, Majeed Mohamad"]
[Result "1/2-1/2"]
[WhiteElo "2430"]
[BlackElo "2259"]
[PlyCount "145"]
[EventDate "2002.10.26"]
[EventType "team-swiss"]
[EventRounds "14"]
[EventCountry "SLO"]
[SourceTitle "EXT 2003"]
[Source "ChessBase"]
[SourceDate "2002.11.25"]
[SourceVersion "1"]
[SourceVersionDate "2002.11.25"]
[SourceQuality "1"]
[WhiteTeam "Paraguay"]
[BlackTeam "United Arab Emirates"]
[WhiteTeamCountry "PAR"]
[BlackTeamCountry "UAE"]

1. e4 e6 2. d4 d5 3. e5 c5 4. c3 Nc6 5. Nf3 Bd7 6. Bd3 cxd4 7. cxd4 Qb6 8. O-O
Nxd4 9. Nxd4 Qxd4 10. Nc3 a6 11. Qe2 Ne7 12. Kh1 Nc6 13. f4 Nb4 14. Rd1 Bc5 15.
Bxa6 Qf2 16. Qxf2 Bxf2 17. Be2 O-O 18. Bd2 Nc2 19. Rab1 Bc6 20. Bf3 Ne3 21.
Bxe3 Bxe3 22. g3 d4 23. Bxc6 bxc6 24. Ne2 Rfd8 25. a3 f6 26. exf6 gxf6 27. Kg2
e5 28. Kf3 Kf7 29. Ke4 Ke6 30. f5+ Ke7 31. Ra1 h5 32. b4 Bh6 33. Ng1 Rg8 34.
Ne2 Ra4 35. Rdb1 Rga8 36. Rb3 Kd6 37. Ra2 Kc7 38. Kd3 Kd6 39. Kc4 c5 40. Kb5
cxb4 41. Rxb4 Rxa3 42. Rxa3 Rxa3 43. Nxd4 exd4 44. Rxd4+ Ke5 45. Rh4 Kxf5 46.
Rxh5+ Kg6 47. Rh4 Rc3 48. Kb4 Rc2 49. Kb3 Rc5 50. Rg4+ Rg5 51. Rc4 Re5 52. Rc2
f5 53. Kc4 Re3 54. Kd4 Kh5 55. Rc6 Ra3 56. Ke5 Ra5+ 57. Ke6 Kg5 58. Rc2 Bg7 59.
Re2 Rb5 60. Rc2 Rb6+ 61. Kd5 Rb2 62. Rc7 Bf6 63. h4+ Kg4 64. Rc6 Rd2+ 65. Ke6
Bxh4 66. gxh4 f4 67. h5 f3 68. Rc4+ Kxh5 69. Rf4 f2 70. Kf5 Re2 71. Rf3 Kh4 72.
Kf4 Ra2 73. Ke4 1/2-1/2

[Event "Bled ol (Men)"]
[Site "Bled"]
[Date "2002.11.07"]
[Round "12.1"]
[White "Galego, Luis"]
[Black "Cubas, Jose Fernando"]
[Result "1-0"]
[WhiteElo "2506"]
[BlackElo "2430"]
[PlyCount "53"]
[EventDate "2002.10.26"]
[EventType "team-swiss"]
[EventRounds "14"]
[EventCountry "SLO"]
[SourceTitle "EXT 2003"]
[Source "ChessBase"]
[SourceDate "2002.11.25"]
[SourceVersion "1"]
[SourceVersionDate "2002.11.25"]
[SourceQuality "1"]
[WhiteTeam "Portugal"]
[BlackTeam "Paraguay"]
[WhiteTeamCountry "POR"]
[BlackTeamCountry "PAR"]

1. e4 e6 2. Qe2 c5 3. f4 Nc6 4. Nf3 Nge7 5. d3 g6 6. g3 Bg7 7. Bg2 O-O 8. O-O
Rb8 9. Nc3 d6 10. a4 a6 11. Bd2 b5 12. axb5 axb5 13. Kh1 b4 14. Na4 Qc7 15. g4
f5 16. gxf5 exf5 17. e5 Nd4 18. Nxd4 cxd4 19. exd6 Qxd6 20. b3 Bd7 21. Nb2 Rfe8
22. Nc4 Qc5 23. Ra5 Rb5 24. Rxb5 Bxb5 25. Qe6+ Kh8 26. Nd6 Rf8 27. Nxb5 1-0

[Event "Bled ol (Men)"]
[Site "Bled"]
[Date "2002.11.10"]
[Round "14.2"]
[White "Mieles Palau, Daniel"]
[Black "Cubas, Jose Fernando"]
[Result "1-0"]
[WhiteElo "2416"]
[BlackElo "2430"]
[PlyCount "103"]
[EventDate "2002.10.26"]
[EventType "team-swiss"]
[EventRounds "14"]
[EventCountry "SLO"]
[SourceTitle "EXT 2003"]
[Source "ChessBase"]
[SourceDate "2002.11.25"]
[SourceVersion "1"]
[SourceVersionDate "2002.11.25"]
[SourceQuality "1"]
[WhiteTeam "Ecuador"]
[BlackTeam "Paraguay"]
[WhiteTeamCountry "ECU"]
[BlackTeamCountry "PAR"]

1. e4 e6 2. d4 d5 3. Nd2 Nf6 4. e5 Nfd7 5. Bd3 c5 6. c3 Nc6 7. Ne2 cxd4 8. cxd4
Qb6 9. Nf3 Bb4+ 10. Bd2 f6 11. exf6 Nxf6 12. O-O Bd6 13. b3 O-O 14. Bf4 Bxf4
15. Nxf4 Kh8 16. Ng5 Kg8 17. Qc2 Ne4 18. Bxe4 Rxf4 19. Bxd5 Rh4 20. Bxc6 bxc6
21. Rfe1 Bd7 22. Nxe6 Bxe6 23. Rxe6 Rxd4 24. Rxc6 Qb7 25. Rc1 Rad8 26. h3 Rd1+
27. Rxd1 Rxd1+ 28. Qxd1 Qxc6 29. Qd4 Qc1+ 30. Kh2 Qa3 31. Qa4 Qd6+ 32. g3 Qe7
33. Qc4+ Kf8 34. b4 Qb7 35. b5 Ke7 36. a4 h6 37. a5 Kd6 38. Qd4+ Ke6 39. Qc5
Kd7 40. a6 Qc7 41. Qxc7+ Kxc7 42. f4 Kb6 43. g4 Kxb5 44. g5 hxg5 45. fxg5 Kc4
46. Kg3 Kd5 47. Kg4 Ke5 48. h4 Ke4 49. h5 Ke5 50. h6 gxh6 51. gxh6 Kf6 52. Kf4
1-0

[Event "Baleares-ch"]
[Site "Ibiza"]
[Date "2003.??.??"]
[Round "1"]
[White "Cubas Pons, Juan Miguel"]
[Black "Gonzalez Arribas, Vidal Alejandro"]
[Result "0-1"]
[WhiteElo "2260"]
[BlackElo "2111"]
[PlyCount "72"]
[EventDate "2003.??.??"]
[EventType "tourn"]
[EventRounds "7"]
[EventCountry "ESP"]
[SourceTitle "EXT 2005"]
[Source "ChessBase"]
[SourceDate "2004.11.15"]
[SourceVersion "1"]
[SourceVersionDate "2004.11.15"]
[SourceQuality "1"]
[WhiteTeam "Spain III"]
[WhiteTeamCountry "ESP"]

1. e4 c5 2. Nf3 Nc6 3. d3 g6 4. g3 Bg7 5. Bg2 e5 6. O-O Nge7 7. c3 d5 8. exd5
Nxd5 9. Qb3 Nb6 10. Bg5 Qxd3 11. Rd1 Qf5 12. Nxe5 Be6 13. Qb5 Bxe5 14. Bh6 Rc8
15. Nd2 Qh5 16. Be3 O-O 17. a4 Rc7 18. Bxc5 Rd8 19. Bf3 Bg4 20. Ne4 Rxd1+ 21.
Rxd1 Nd7 22. Bxg4 Qxg4 23. Re1 a6 24. Qd3 Nxc5 25. Nxc5 Kg7 26. f4 Bf6 27. Re8
h5 28. b4 h4 29. b5 axb5 30. axb5 Ne7 31. Ne4 Rd7 32. Qe3 Nf5 33. Qc5 Qd1+ 34.
Kg2 h3+ 35. Kf2 Qc2+ 36. Ke1 Rd1# 0-1

[Event "Baleares-ch"]
[Site "Ibiza"]
[Date "2003.??.??"]
[Round "2"]
[White "Pont Mulet, Antonio"]
[Black "Cubas Pons, Juan Miguel"]
[Result "1-0"]
[WhiteElo "2213"]
[BlackElo "2260"]
[PlyCount "45"]
[EventDate "2003.??.??"]
[EventType "tourn"]
[EventRounds "7"]
[EventCountry "ESP"]
[SourceTitle "EXT 2005"]
[Source "ChessBase"]
[SourceDate "2004.11.15"]
[SourceVersion "1"]
[SourceVersionDate "2004.11.15"]
[SourceQuality "1"]
[BlackTeam "Spain III"]
[BlackTeamCountry "ESP"]

1. e4 e6 2. d4 d5 3. Nc3 Nf6 4. e5 Nfd7 5. f4 c5 6. Nf3 Nc6 7. Be3 cxd4 8. Nxd4
Bc5 9. Qd2 a6 10. O-O-O Qc7 11. Qf2 b5 12. Bd3 Bxd4 13. Bxd4 Nxd4 14. Qxd4 g6
15. Nxd5 exd5 16. e6 O-O 17. exd7 Bxd7 18. f5 Rac8 19. f6 Rfe8 20. Qh4 Re6 21.
Rhf1 Qb6 22. Rf3 h5 23. Qg5 1-0

[Event "Baleares-ch"]
[Site "Ibiza"]
[Date "2003.??.??"]
[Round "3"]
[White "Cubas Pons, Juan Miguel"]
[Black "Pita Romero, Carlos"]
[Result "1-0"]
[WhiteElo "2260"]
[BlackElo "2108"]
[PlyCount "33"]
[EventDate "2003.??.??"]
[EventType "tourn"]
[EventRounds "7"]
[EventCountry "ESP"]
[SourceTitle "EXT 2005"]
[Source "ChessBase"]
[SourceDate "2004.11.15"]
[SourceVersion "1"]
[SourceVersionDate "2004.11.15"]
[SourceQuality "1"]
[WhiteTeam "Spain III"]
[WhiteTeamCountry "ESP"]

1. d4 f5 2. Nc3 Nf6 3. Bg5 Ne4 4. Nxe4 fxe4 5. f3 exf3 6. Nxf3 d5 7. e4 c6 8.
Ne5 g6 9. exd5 Bg7 10. dxc6 Bxe5 11. cxb7 Bxb7 12. dxe5 Qa5+ 13. Qd2 Qxe5+ 14.
Qe3 Qa5+ 15. c3 O-O 16. Bc4+ Bd5 17. b4 1-0

[Event "Baleares-ch"]
[Site "Ibiza"]
[Date "2003.??.??"]
[Round "5"]
[White "Segura Ariza, Jose Luis"]
[Black "Cubas Pons, Juan Miguel"]
[Result "1-0"]
[WhiteElo "2215"]
[BlackElo "2260"]
[PlyCount "91"]
[EventDate "2003.??.??"]
[EventType "tourn"]
[EventRounds "7"]
[EventCountry "ESP"]
[SourceTitle "EXT 2005"]
[Source "ChessBase"]
[SourceDate "2004.11.15"]
[SourceVersion "1"]
[SourceVersionDate "2004.11.15"]
[SourceQuality "1"]
[BlackTeam "Spain III"]
[BlackTeamCountry "ESP"]

1. d4 d5 2. c4 e6 3. Nc3 Nf6 4. cxd5 exd5 5. Bg5 Be7 6. e3 O-O 7. Bd3 Nbd7 8.
Nge2 Re8 9. Qc2 c6 10. O-O-O Ne4 11. Bxe7 Qxe7 12. Bxe4 dxe4 13. g4 Nf6 14. h3
b5 15. Ng3 b4 16. Na4 Qe6 17. Kb1 Nd7 18. Ka1 Ba6 19. Rc1 Bd3 20. Qb3 Qxb3 21.
axb3 Bb5 22. Rhd1 a5 23. Rd2 Re6 24. Nf5 Rb8 25. Rdc2 g6 26. d5 cxd5 27. Rc8+
Rxc8 28. Rxc8+ Nf8 29. Nd4 Ba6 30. Ra8 Rd6 31. Nc5 Bf1 32. h4 Kg7 33. g5 Nd7
34. Nxd7 Rxd7 35. Rxa5 Rc7 36. Ra4 Bd3 37. Rxb4 Rc1+ 38. Ka2 h5 39. Rb7 Rh1 40.
Ne6+ Kg8 41. Rb8+ Kh7 42. Nf8+ Kg7 43. Nd7 f5 44. gxf6+ Kf7 45. Rf8+ Ke6 46.
Re8+ 1-0

[Event "Baleares-ch"]
[Site "Ibiza"]
[Date "2003.??.??"]
[Round "6"]
[White "Cubas Pons, Juan Miguel"]
[Black "Planells Roig, Jose"]
[Result "1/2-1/2"]
[WhiteElo "2260"]
[BlackElo "2008"]
[PlyCount "81"]
[EventDate "2003.??.??"]
[EventType "tourn"]
[EventRounds "7"]
[EventCountry "ESP"]
[SourceTitle "EXT 2005"]
[Source "ChessBase"]
[SourceDate "2004.11.15"]
[SourceVersion "1"]
[SourceVersionDate "2004.11.15"]
[SourceQuality "1"]
[WhiteTeam "Spain III"]
[WhiteTeamCountry "ESP"]

1. d4 Nf6 2. c4 g6 3. Nc3 Bg7 4. Nf3 O-O 5. e4 d6 6. Be2 e5 7. O-O Nc6 8. d5
Ne7 9. Nd2 a5 10. Rb1 Nd7 11. a3 f5 12. b4 axb4 13. axb4 Bh6 14. Nb3 Bxc1 15.
Qxc1 Nf6 16. f3 f4 17. c5 g5 18. Nb5 Ne8 19. Na5 Ng6 20. Ra1 Rb8 21. Na7 Ra8
22. Nb5 Rb8 23. Ra3 h5 24. Na7 Ra8 25. Nc4 Qf6 26. Nxc8 Rxc8 27. Ra7 c6 28. Nb6
Rc7 29. dxc6 bxc6 30. Rxc7 Nxc7 31. Nd7 Qe7 32. Nxf8 Kxf8 33. cxd6 Qxd6 34. Qc4
Ne6 35. Rd1 Qe7 36. h4 gxh4 37. Qa6 Kg7 38. Bc4 Nd4 39. Ra1 Qd6 40. Qb7+ Kh6
41. Qf7 1/2-1/2

[Event "Sao Jose de Rio Preto 02nd"]
[Site "Sao Jose de Rio Preto"]
[Date "2003.01.23"]
[Round "1"]
[White "Coelho, Luis Henrique"]
[Black "Cubas, Jose Fernando"]
[Result "1/2-1/2"]
[WhiteElo "2392"]
[BlackElo "2439"]
[PlyCount "216"]
[EventDate "2003.01.23"]
[EventType "tourn"]
[EventRounds "9"]
[EventCountry "BRA"]
[EventCategory "3"]
[SourceTitle "CBM 092 Extra"]
[Source "ChessBase"]
[SourceDate "2003.03.07"]
[SourceVersion "1"]
[SourceVersionDate "2003.03.07"]
[SourceQuality "1"]

1. e4 Nc6 2. Nf3 d5 3. exd5 Qxd5 4. Nc3 Qa5 5. d4 Bg4 6. h3 Bxf3 7. Qxf3 O-O-O
8. Qxf7 Nxd4 9. Bd3 Nf6 10. O-O e6 11. Bc4 Re8 12. Be3 Re7 13. Qxe7 Bxe7 14.
Bxd4 e5 15. Be3 Bc5 16. Bxc5 Qxc5 17. Be6+ Kb8 18. Rae1 Re8 19. Bf7 Re7 20. Bb3
e4 21. Re3 c6 22. Rfe1 Qd4 23. Kh1 Qd2 24. Kg1 Qd4 25. Kh1 c5 26. a3 Rd7 27.
Rd1 Qxd1+ 28. Nxd1 Rxd1+ 29. Kh2 Rb1 30. Rg3 Rxb2 31. Rxg7 c4 32. Bxc4 Rxc2 33.
Bg8 Rxf2 34. Bxh7 e3 35. Re7 Nd5 36. Re5 Nf4 37. Be4 Ra2 38. Bf3 Rxa3 39. Kg3
Ra4 40. Rxe3 b5 41. Re7 Rb4 42. Rb7+ Kc8 43. Rxa7 Ng6 44. h4 Nxh4 45. Bg4+ Kb8
46. Rg7 Nxg2 47. Kxg2 Rc4 48. Kf2 Rc7 49. Rg5 Rb7 50. Bf3 Rb6 51. Bd5 b4 52.
Bb3 Kc7 53. Ke2 Rd6 54. Rg4 Rb6 55. Kd3 Kd6 56. Kc4 Ke5 57. Ba4 Rf6 58. Rg5+
Rf5 59. Rg8 Rf4+ 60. Kb3 Kd5 61. Rc8 Rh4 62. Bb5 Rh2 63. Kxb4 Rb2+ 64. Ka5 Rb1
65. Kb6 Rb2 66. Rd8+ Ke5 67. Kc5 Rc2+ 68. Bc4 Rc1 69. Re8+ Kf6 70. Re2 Kf5 71.
Kd4 Rd1+ 72. Bd3+ Kf6 73. Re3 Rd2 74. Kd5 Ra2 75. Kd6 Ra3 76. Rf3+ Kg5 77. Ke5
Ra5+ 78. Ke4 Ra4+ 79. Ke3 Ra3 80. Rf5+ Kg4 81. Rf8 Kg5 82. Kd4 Ra4+ 83. Bc4 Ra1
84. Bd5 Ra4+ 85. Ke5 Ra5 86. Rg8+ Kh4 87. Ke4 Ra4+ 88. Kf3 Kh5 89. Be4 Ra1 90.
Kf4 Rf1+ 91. Ke5 Ra1 92. Kf6 Kh4 93. Ke5 Kh5 94. Bf3+ Kh6 95. Bg4 Kh7 96. Rb8
Kg7 97. Rb7+ Kg6 98. Bf5+ Kh5 99. Rh7+ Kg5 100. Rg7+ Kh4 101. Be4 Kh5 102. Rg8
Re1 103. Rg2 Ra1 104. Bf3+ Kh6 105. Bg4 Kg5 106. Bf5+ Kh5 107. Be4 Kh6 108. Kf6
Kh5 1/2-1/2

[Event "Sao Jose de Rio Preto 02nd"]
[Site "Sao Jose de Rio Preto"]
[Date "2003.01.24"]
[Round "2"]
[White "Cubas, Jose Fernando"]
[Black "Molina, Jorge"]
[Result "1/2-1/2"]
[WhiteElo "2439"]
[BlackElo "2265"]
[PlyCount "36"]
[EventDate "2003.01.23"]
[EventType "tourn"]
[EventRounds "9"]
[EventCountry "BRA"]
[EventCategory "3"]
[SourceTitle "CBM 092 Extra"]
[Source "ChessBase"]
[SourceDate "2003.03.07"]
[SourceVersion "1"]
[SourceVersionDate "2003.03.07"]
[SourceQuality "1"]

1. e4 e6 2. d4 c5 3. c3 d5 4. e5 Nc6 5. Nf3 Qb6 6. a3 Nh6 7. b4 cxd4 8. cxd4
Nf5 9. Bb2 Be7 10. Be2 O-O 11. O-O a5 12. b5 a4 13. Ra2 Na5 14. Qxa4 Bd7 15.
Rc1 Nc4 16. Qb3 Qxb5 17. Qxb5 Bxb5 18. g4 Nh4 1/2-1/2

[Event "Sao Jose de Rio Preto 02nd"]
[Site "Sao Jose de Rio Preto"]
[Date "2003.01.25"]
[Round "3"]
[White "Frare, Fernando Cesar"]
[Black "Cubas, Jose Fernando"]
[Result "1/2-1/2"]
[WhiteElo "2229"]
[BlackElo "2439"]
[PlyCount "62"]
[EventDate "2003.01.23"]
[EventType "tourn"]
[EventRounds "9"]
[EventCountry "BRA"]
[EventCategory "3"]
[SourceTitle "CBM 092 Extra"]
[Source "ChessBase"]
[SourceDate "2003.03.07"]
[SourceVersion "1"]
[SourceVersionDate "2003.03.07"]
[SourceQuality "1"]

1. d4 d5 2. c4 c6 3. Nc3 Nf6 4. e3 a6 5. a4 Bf5 6. Nf3 e6 7. Bd3 dxc4 8. Bxc4
Bb4 9. O-O Nbd7 10. Qe2 Bg6 11. Rd1 O-O 12. Bd2 Qe7 13. Qe1 a5 14. Ne2 Bxd2 15.
Qxd2 Rfd8 16. Ng3 Ne4 17. Nxe4 Bxe4 18. Be2 Bd5 19. Qc2 f5 20. Ne1 Qb4 21. Ra3
Rac8 22. Nd3 Qe7 23. Qd2 e5 24. dxe5 Nxe5 25. Nxe5 Qxe5 26. Rd3 Rf8 27. Rd4
Rce8 28. Bc4 Bxc4 29. Rxc4 h6 30. Rd4 Rf7 31. g3 Rfe7 1/2-1/2

[Event "Sao Jose de Rio Preto 02nd"]
[Site "Sao Jose de Rio Preto"]
[Date "2003.01.26"]
[Round "4"]
[White "Cubas, Jose Fernando"]
[Black "Da Silva, Alessandro Rodrigue"]
[Result "1-0"]
[WhiteElo "2439"]
[BlackElo "2128"]
[PlyCount "119"]
[EventDate "2003.01.23"]
[EventType "tourn"]
[EventRounds "9"]
[EventCountry "BRA"]
[EventCategory "3"]
[SourceTitle "CBM 092 Extra"]
[Source "ChessBase"]
[SourceDate "2003.03.07"]
[SourceVersion "1"]
[SourceVersionDate "2003.03.07"]
[SourceQuality "1"]

1. e4 c5 2. Nf3 d6 3. c3 Nf6 4. Be2 Nbd7 5. d3 b6 6. Be3 Bb7 7. Nbd2 e6 8. h3
Be7 9. g4 h6 10. Rg1 Qc7 11. h4 d5 12. g5 hxg5 13. hxg5 dxe4 14. gxf6 exf3 15.
fxg7 Rg8 16. Bxf3 Ne5 17. Qa4+ Kd8 18. Bxb7 Qxb7 19. d4 cxd4 20. Qxd4+ Nd7 21.
O-O-O Ke8 22. Ne4 Qc6 23. Rh1 e5 24. Rh8 exd4 25. Rxg8+ Nf8 26. Rxf8+ Bxf8 27.
g8=Q Qxe4 28. Rxd4 Qc6 29. Qh8 Rc8 30. Qh3 Rd8 31. Qh4 Rxd4 32. Qxd4 Bd6 33.
Qh8+ Bf8 34. Qe5+ Kd7 35. Qd4+ Bd6 36. Bf4 Kc7 37. Bxd6+ Qxd6 38. Qxd6+ Kxd6
39. Kd2 Ke5 40. Ke3 a5 41. c4 a4 42. b4 a3 43. f3 f6 44. f4+ Ke6 45. Ke4 f5+
46. Kd4 Kd6 47. c5+ bxc5+ 48. bxc5+ Kc6 49. Kc4 Kc7 50. Kd5 Kd7 51. c6+ Kc7 52.
Kc5 Kc8 53. Kd6 Kd8 54. Ke6 Kc7 55. Kxf5 Kxc6 56. Ke6 Kc5 57. f5 Kb4 58. f6 Kc3
59. f7 Kb2 60. f8=Q 1-0

[Event "Sao Jose de Rio Preto 02nd"]
[Site "Sao Jose de Rio Preto"]
[Date "2003.01.27"]
[Round "5"]
[White "Neubauer, Martin"]
[Black "Cubas, Jose Fernando"]
[Result "1/2-1/2"]
[WhiteElo "2420"]
[BlackElo "2439"]
[PlyCount "50"]
[EventDate "2003.01.23"]
[EventType "tourn"]
[EventRounds "9"]
[EventCountry "BRA"]
[EventCategory "3"]
[SourceTitle "CBM 092 Extra"]
[Source "ChessBase"]
[SourceDate "2003.03.07"]
[SourceVersion "1"]
[SourceVersionDate "2003.03.07"]
[SourceQuality "1"]

1. e4 c6 2. d4 d5 3. exd5 cxd5 4. c4 Nf6 5. Nc3 Nc6 6. Nf3 Bg4 7. cxd5 Nxd5 8.
Qb3 Bxf3 9. gxf3 e6 10. Qxb7 Nxd4 11. Bb5+ Nxb5 12. Qc6+ Ke7 13. Qxb5 Qd7 14.
Nxd5+ Qxd5 15. Qxd5 exd5 16. O-O Ke6 17. Re1+ Kf5 18. Be3 Be7 19. Rad1 Rhd8 20.
Rd4 Bf6 21. Rf4+ Kg6 22. Rg4+ Kf5 23. Rf4+ Kg6 24. Rg4+ Kf5 25. Rf4+ Kg6
1/2-1/2

[Event "Sao Jose de Rio Preto 02nd"]
[Site "Sao Jose de Rio Preto"]
[Date "2003.01.28"]
[Round "6"]
[White "Cubas, Jose Fernando"]
[Black "De Souza, Mauro Guimaraes"]
[Result "1/2-1/2"]
[WhiteElo "2439"]
[BlackElo "2349"]
[PlyCount "56"]
[EventDate "2003.01.23"]
[EventType "tourn"]
[EventRounds "9"]
[EventCountry "BRA"]
[EventCategory "3"]
[SourceTitle "CBM 092 Extra"]
[Source "ChessBase"]
[SourceDate "2003.03.07"]
[SourceVersion "1"]
[SourceVersionDate "2003.03.07"]
[SourceQuality "1"]

1. e4 e5 2. d4 exd4 3. Qxd4 Nc6 4. Qe3 Nf6 5. Nc3 Bb4 6. Bd2 O-O 7. O-O-O Re8
8. Bc4 Bxc3 9. Bxc3 Nxe4 10. Qf4 Nf6 11. Nf3 d6 12. Ng5 Be6 13. Bd3 h6 14. h4
Nd5 15. Qe4 f5 16. Nxe6 fxe4 17. Nxd8 exd3 18. Nxc6 Nxc3 19. bxc3 dxc2 20. Kxc2
bxc6 21. Rhe1 Rxe1 22. Rxe1 Kf7 23. Rb1 Ke7 24. Rb7 Kd7 25. Rb4 Rf8 26. f3 h5
27. Ra4 Ra8 28. Rf4 Ke7 1/2-1/2

[Event "Sao Jose de Rio Preto 02nd"]
[Site "Sao Jose de Rio Preto"]
[Date "2003.01.28"]
[Round "7"]
[White "Crosa Coll, Martin"]
[Black "Cubas, Jose Fernando"]
[Result "1-0"]
[WhiteElo "2446"]
[BlackElo "2439"]
[PlyCount "85"]
[EventDate "2003.01.23"]
[EventType "tourn"]
[EventRounds "9"]
[EventCountry "BRA"]
[EventCategory "3"]
[SourceTitle "CBM 092 Extra"]
[Source "ChessBase"]
[SourceDate "2003.03.07"]
[SourceVersion "1"]
[SourceVersionDate "2003.03.07"]
[SourceQuality "1"]

1. e4 e6 2. d4 d5 3. e5 c5 4. Nf3 cxd4 5. Bd3 Ne7 6. O-O Ng6 7. Nbd2 Nc6 8. Re1
Qc7 9. Bxg6 hxg6 10. Nb3 Bd7 11. Nbxd4 Nxd4 12. Nxd4 Be7 13. Bf4 f5 14. Qd2 Rh5
15. Nf3 Qd8 16. Be3 g5 17. h3 Kf7 18. c4 g4 19. Nd4 Bc6 20. hxg4 fxg4 21. Nxc6
bxc6 22. Qd4 Qh8 23. Kf1 c5 24. Qxg4 d4 25. Bd2 Rb8 26. b3 Qh7 27. g3 Rh8 28.
Qf3+ Kg8 29. Rad1 d3 30. Qg4 Rxe5 31. Kg2 Qh5 32. Qxh5 Rexh5 33. Rxe6 Kf7 34.
Re3 Rh2+ 35. Kf3 R8h5 36. Rxd3 Rf5+ 37. Bf4 g5 38. Kg4 Kg6 39. Be3 Re5 40. Rd5
Re6 41. R1d2 Rh8 42. Bxg5 Re4+ 43. f4 1-0